书目信息 |
| 题名: |
志愿军全战事
|
|
| 作者: | 胡海波 著 | |
| 分册: | ||
| 出版信息: | 北京 长城出版社 2010 |
|
| 页数: | 511页 | |
| 开本: | 25cm | |
| 丛书名: | 中国人民解放军战事珍闻全纪录丛书 | |
| 单 册: | ||
| 中图分类: | E297.5 | |
| 科图分类: | ||
| 主题词: | 抗美援朝战争--史料 , 抗美援朝战争 | |
| 电子资源: | ||
| ISBN: | 978-7-5483-0025-0 | |
| 000 | 00770nam0 2200241 450 | |
| 001 | 3051 | |
| 005 | 20161207145711.07 | |
| 010 | @a978-7-5483-0025-0@dCNY79.80 | |
| 100 | @a20101130d2010 em y0chiy50 ea | |
| 101 | 0 | @achi |
| 102 | @aCN@b110000 | |
| 105 | @aab z 000yd | |
| 200 | 1 | @a志愿军全战事@f胡海波著 |
| 210 | @a北京@c长城出版社@d2010 | |
| 215 | @a511页@c照片,地图@d25cm | |
| 225 | 1 | @a中国人民解放军战事珍闻全纪录丛书 |
| 330 | @a本书全景式记录志愿军抗美援朝的作战全过程。内容包括:朝鲜问题和三八线的由来、美国干涉朝鲜内战、彭德怀临危受命、志愿军初战告捷等。 | |
| 606 | 0 | @a抗美援朝战争@j史料 |
| 606 | 0 | @a抗美援朝战争 |
| 690 | @aE297.5@v4 | |
| 701 | 0 | @a胡海波@4著 |
| 801 | 0 | @aCN@b大连网信软件有限公司图书馆·11@c20161207 |
| 905 | @aZUCC@dE297.5@e78 | |
| 志愿军全战事/胡海波著.-北京:长城出版社,2010 |
| 511页:照片,地图;25cm.-(中国人民解放军战事珍闻全纪录丛书) |
| ISBN 978-7-5483-0025-0:CNY79.80 |
| 本书全景式记录志愿军抗美援朝的作战全过程。内容包括:朝鲜问题和三八线的由来、美国干涉朝鲜内战、彭德怀临危受命、志愿军初战告捷等。 |
| ● |
| 相关链接 |
|
|
|
|
正题名:志愿军全战事
索取号:E297.5/78
 
预约/预借
| 序号 | 登录号 | 条形码 | 馆藏地/架位号 | 状态 | 备注 |
| 1 | 912878 | 209128781 | 第一样本阅览室/ [索取号:E297.5/78] | 在馆 | |
| 2 | 912879 | 209128790 | 第一借阅区/ [索取号:E297.5/78] |
已借出,限还日期为2020.10.05 借出人:王 刚 |
|
| 3 | 912880 | 209128807 | 第一借阅区/ [索取号:E297.5/78] |
已借出,限还日期为2027.03.17 借出人:丁新龙 |